书目信息 |
| 题名: |
原始思维
|
|
| 作者: | 列维-布留尔 ;丁由 译 | |
| 分册: | ||
| 出版信息: | 北京 商务印书馆 1987 |
|
| 页数: | 501页 | |
| 开本: | 20cm | |
| 丛书名: | ||
| 单 册: | ||
| 中图分类: | B80-05 | |
| 科图分类: | ||
| 主题词: | 思维科学 | |
| 电子资源: | ||
| ISBN: | ||
| 000 | 00548nam0 2200193 450 | |
| 001 | 1569044478 | |
| 005 | 20150129191119.97 | |
| 010 | @dCNY2.75 | |
| 100 | @a20070818d km y0chiy0120 ea | |
| 101 | 0 | @achi |
| 200 | 1 | @a原始思维@Ayuan shi si wei@f(法)列维-布留尔@F(fa)lie wei-bu liu er@g丁由译@Gding you yi |
| 210 | @a北京@c商务印书馆@d1987 | |
| 215 | @a501页@d20cm | |
| 606 | 0 | @a思维科学 |
| 690 | @aB80-05@v3 | |
| 701 | 0 | @a列维-布留尔@Alie wei-bu liu er |
| 702 | 0 | @a丁由@Ading you@4译 |
| 801 | 0 | @aCN@bTSSF@c20150129 |
| 905 | @aZUCC@dB80-05@eJY1 | |
| 原始思维/(法)列维-布留尔/丁由译.-北京:商务印书馆,1987 |
| 501页;20cm |
| ISBN :CNY2.75 |
| ● |
| 相关链接 |
|
|
|
|
正题名:原始思维
索取号:B80-05/JY1
 
预约/预借
| 序号 | 登录号 | 条形码 | 馆藏地/架位号 | 状态 | 备注 |
| 1 | 7846995 | 278469952 | 学院路分馆/ [索取号:B80-05/JY1] | 在馆 | |
| 2 | 7846996 | 278469961 | 学院路分馆/ [索取号:B80-05/JY1] | 在馆 |